000 01518nam0a22002771 4500
001 rc\665615
005 20031121165512.5
035 _a(NLR Aleph) 005904525
090 _a6312014
_c6312014
100 _a20031121d1986 u |0rusy50 ca
101 0 _arus
102 _aRU
105 _ay |||||||||
200 1 _aТаблицы расчетов функциональных показателей внешнего дыхания у детей Краснодарского края и Адыгейской автономной области
_e(Метод. пособие)
_fЮ.Н. Кириченко, Д.А. Суетина, М.К. Чипизубова
_gКраснод. краев. отд. здравоохранения, Краснод. краев. дет. больница, Куб. гос. мед. ин-т им. Крас. Армии, Краснод. краев. врачеб.-физкультур. диспансер
210 _aКраснодар
_cБ. и.
_d1986
215 _a32 с., [6] отд. л. номогр.
_d20
320 _aБиблиогр.: с. 32
700 1 _aКириченко
_bЮ. Н.
_gЮрий Николаевич
701 1 _aСуетина
_bД. А.
_gДженни Александровна
701 1 _aЧипизубова
_bМ. К.
_gМарина Кимовна
712 0 2 _aКраснодарская краев. детская больница
_3RU\NLR\AUTH\889975888
801 0 _aRU
_bNLR
_gpsbo
801 1 _aRU
_bELAR
_2rusmarc
852 _aNLR
_j88-4/8129
942 _cBOOK
980 _aNB